00879nam a22002417a 4500003000500000005001700005008004100022010001000063011001000073020001800083035001100101040000900112082002500121110000800146245020500154260002400359300001900383490007100402650002800473650002500501710004000526830007100566CHAP20220817044153.0070618d2006 it rn 00010 eng d a93745 a94717 a9789251056363 a105312 cCHAP00a338.181bF21yEs. v.82 aFAO14aThe role of local institutions in reducing vulnerability to recurrent natural disasters and in sustainable livelihoods development :bPhilippinesc/preparado por the Asian Disaster Preparedness Center aRome :bFAO,c2006. a62 p. :bilus. 0aFAO. Instituciones para el desarrollo rural. Estudio de casosv; 814aDesarrollo sustentable.14aDesastres naturales.2 aAsian Disaster Preparendness Center 0aFAO. Instituciones para el desarrollo rural. Estudio de casosv; 8